000 00713nam a22002297a 4500
001 BR9500129
003 BR-BrBNA
005 20230928094424.0
007 ta
008 230509b bl.||||| |||| 00| 0 por d
040 _aBR-BrBNA
_bpor
_cBiblioteca Nacional de Agricultura
041 _a(Por)
072 _aC20
090 _ C20 BR9500129
110 1 _aAssociacao Brasileira de Credito e Assistencia Rural, Rio de Janeiro, GB (Brasil). Sistema Brasileiro de Extensao Rural
_9227
245 1 _aArea de atuacao do Sistema Brasileiro de Extensao Rural
260 3 _aRio de Janeiro, GB (Brasil):
_c1970.
300 _a59 p.
650 _aExtensao Rural
909 _a202309
_bLucia
_c55
_dLucia Elande
942 _cBK
999 _c50642
_d50642